[Event "CZE-chT1E 0809"]
[Site "Czech Republic"]
[Date "2008.11.29"]
[Round "8.7"]
[White "Potomak, Vladimir"]
[Black "Zimniok, Lubomir"]
[Result "1/2-1/2"]
[WhiteElo "2176"]
[BlackElo "2091"]
[PlyCount "42"]
[EventDate "2008.11.08"]
[EventType "tourn"]
[EventRounds "11"]
[EventCountry "CZE"]
[SourceTitle "EXT 2010"]
[Source "ChessBase"]
[SourceDate "2010.11.25"]
[SourceVersion "1"]
[SourceVersionDate "2010.11.25"]
[SourceQuality "1"]
[WhiteTeam "Poruba Slavoj"]
[BlackTeam "Karvina"]
[WhiteTeamCountry "CZE"]
[BlackTeamCountry "CZE"]

1. c4 Nf6 2. d4 d6 3. Nf3 g6 4. g3 Bg7 5. Bg2 0-0 6. 0-0 c5 7. Nc3 Nc6 8. dxc5 dxc5 9. Be3 Be6 10. Bxc5 Qxd1 11. Rfxd1 Bxc4 12. Nd4 Nd7 13. Nxc6 Nxc5 14. Nxe7+ Kh8 15. Rd2 Bxc3 16. bxc3 Rae8 17. Nd5 Rxe2 18. Rad1 Rxd2 19. Rxd2 Re8 20. Ne3 Be6 21. c4 Kg7 1/2-1/2